[Event "Staufer op-B 28th"]
[Site "Schwaebisch Gmuend"]
[Date "2016.01.03"]
[Round "3"]
[White "Haeussler, Stefan"]
[Black "Injac, Wladimir"]
[Result "1-0"]
[WhiteElo "1949"]
[BlackElo "1527"]
[PlyCount "73"]
[EventDate "2016.01.02"]
[EventType "swiss"]
[EventRounds "9"]
[EventCountry "GER"]
[SourceTitle "CBM 170 Extra"]
[Source "ChessBase"]
[SourceDate "2016.02.25"]
[SourceVersion "1"]
[SourceVersionDate "2016.02.25"]
[SourceQuality "1"]

1. e4 d6 2. d4 a6 3. f4 c6 4. Bd3 Nd7 5. Nf3 e6 6. 0-0 Be7 7. c3 d5 8. f5 exf5 9. exd5 cxd5 10. Bxf5 g6 11. Bc2 Kf8 12. Bf4 Ndf6 13. Nbd2 Kg7 14. Ne5 Nh5 15. Nxf7 Qe8 16. Be5+ Nhf6 17. Nxh8 Kxh8 18. Qf3 Qd8 19. Rae1 Kg7 20. Bb3 Bf5 21. Qxd5 Nh6 22. Qxb7 Nhg4 23. Bc7 Qd7 24. h3 Nh6 25. Qxa8 Qxc7 26. Qf3 Bg4 27. Rxe7+ Qxe7 28. Qxf6+ Qxf6 29. Rxf6 Kxf6 30. hxg4 Nxg4 31. a4 Ke7 32. a5 Kd6 33. Bc4 Ne3 34. Bxa6 Nd1 35. g4 h6 36. Be2 Nxb2 37. Nc4+ 1-0

[Event "Staufer op-B 27th"]
[Site "Schwaebisch Gmuend"]
[Date "2015.01.03"]
[Round "3"]
[White "Poetsch, Leonore"]
[Black "Haeussler, Stefan"]
[Result "0-1"]
[WhiteElo "1603"]
[BlackElo "1961"]
[PlyCount "88"]
[EventDate "2015.01.02"]
[EventType "swiss"]
[EventRounds "9"]
[EventCountry "GER"]
[SourceTitle "EXT 2016"]
[Source "ChessBase"]
[SourceDate "2015.10.08"]
[SourceVersion "1"]
[SourceVersionDate "2015.10.08"]
[SourceQuality "1"]

1. e4 d5 2. exd5 Nf6 3. Nf3 Nxd5 4. d4 Bf5 5. Bd3 Bxd3 6. Qxd3 e6 7. 0-0 c6 8. c4 Nf6 9. Nc3 Bd6 10. Bg5 Nbd7 11. Ne4 Qc7 12. Nxd6+ Qxd6 13. Qc3 Ne4 14. Qe3 Nxg5 15. Nxg5 Nf6 16. Ne4 Nxe4 17. Qxe4 0-0-0 18. Rfd1 h5 19. Qe5 Qxe5 20. dxe5 a5 21. f4 Kc7 22. Kf2 Kb6 23. Ke3 Kc5 24. b3 a4 25. Rd3 Rxd3+ 26. Kxd3 Kb4 27. Kc2 Rd8 28. Rb1 a3 29. Re1 Rd4 30. g3 h4 31. Re3 hxg3 32. hxg3 g5 33. Rf3 Re4 34. Kd2 b5 35. cxb5 cxb5 36. fxg5 Rxe5 37. Rf4+ Kc5 38. Rxf7 Rxg5 39. Rf3 e5 40. Kc3 b4+ 41. Kd2 e4 42. Re3 Kd4 43. Ke2 Rh5 44. Kd2 Rh3 0-1

[Event "Niederbayernliga 0405"]
[Site "Germany"]
[Date "2005.??.??"]
[Round "7"]
[White "Testor, Sebastian"]
[Black "Haeussler, Stefan"]
[Result "1/2-1/2"]
[WhiteElo "2126"]
[BlackElo "1728"]
[PlyCount "147"]
[EventDate "2004.??.??"]
[EventType "team-tourn"]
[EventRounds "9"]
[EventCountry "GER"]
[SourceTitle "EXT 2008"]
[Source "ChessBase"]
[SourceDate "2007.11.25"]
[SourceVersion "1"]
[SourceVersionDate "2007.11.25"]
[SourceQuality "1"]
[WhiteTeam "Passau II"]
[BlackTeam "Haselbach"]
[WhiteTeamCountry "GER"]
[BlackTeamCountry "GER"]

1. e4 c6 2. d4 d5 3. e5 Bf5 4. Nf3 h6 5. Be2 e6 6. 0-0 Nd7 7. Be3 Qb6 8. b3 Ne7 9. c4 c5 10. Nc3 dxc4 11. bxc4 Nc6 12. Nb5 cxd4 13. Nfxd4 Nxd4 14. Nxd4 Bc5 15. Nxf5 exf5 16. Rb1 Qc7 17. Qd5 0-0-0 18. Bf3 b6 19. e6 fxe6 20. Qxe6 Rhe8 21. Qxf5 Bxe3 22. fxe3 Rxe3 23. Bg4 Re5 24. Qf3 Kb8 25. Bxd7 Rxd7 26. Qg3 Rc5 27. Rf8+ Kb7 28. Qf3+ Qc6 29. Qg3 Rxc4 30. Rb8+ Ka6 31. h3 Qd6 32. Qxd6 Rxd6 33. Rb2 Rc1+ 34. Kh2 Rcd1 35. Rf8 R1d2 36. Rf2 Rxb2 37. Rxb2 b5 38. Kg3 Rd4 39. Kf3 g5 40. Ke3 Rf4 41. Kd3 Kb6 42. Kc3 a5 43. Re2 Rc4+ 44. Kb2 Rc6 45. Re5 a4 46. g4 Ka5 47. h4 gxh4 48. Rh5 Rf6 49. Rxh4 Rf2+ 50. Kb1 a3 51. Rxh6 Rb2+ 52. Ka1 Rg2 53. Kb1 Rxg4 54. Rh1 Kb4 55. Rf1 Rg3 56. Rh1 Kc3 57. Rf1 b4 58. Rc1+ Kd2 59. Rh1 Rg2 60. Rf1 Re2 61. Rh1 Kd3 62. Rh3+ Kc4 63. Rh4+ Kb5 64. Rh5+ Ka4 65. Rh1 Rb2+ 66. Ka1 Rc2 67. Kb1 Rb2+ 68. Ka1 Rd2 69. Kb1 Kb5 70. Rh5+ Kc4 71. Rh4+ Kc3 72. Rh3+ Rd3 73. Rxd3+ Kxd3 74. Ka1 1/2-1/2

[Event "Niederbayernliga 0304"]
[Site "Germany"]
[Date "2004.??.??"]
[Round "5"]
[White "Siemens, Andreas"]
[Black "Haeussler, Stefan"]
[Result "0-1"]
[WhiteElo "1889"]
[BlackElo "1762"]
[PlyCount "92"]
[EventDate "2003.??.??"]
[EventType "team-tourn"]
[EventRounds "9"]
[EventCountry "GER"]
[SourceTitle "EXT 2008"]
[Source "ChessBase"]
[SourceDate "2007.11.25"]
[SourceVersion "1"]
[SourceVersionDate "2007.11.25"]
[SourceQuality "1"]
[WhiteTeam "Eggenfelden"]
[BlackTeam "Haselbach"]
[WhiteTeamCountry "GER"]
[BlackTeamCountry "GER"]

1. e4 c6 2. d4 d5 3. e5 Bf5 4. Bd3 Bxd3 5. Qxd3 e6 6. Ne2 Nd7 7. 0-0 c5 8. c3 c4 9. Qc2 Ne7 10. Ng3 b5 11. f4 g6 12. a4 a6 13. b3 Nc6 14. axb5 axb5 15. Rxa8 Qxa8 16. bxc4 bxc4 17. Rf2 Be7 18. Nf1 0-0 19. g3 Rb8 20. h4 Qa1 21. Nbd2 Bd8 22. Ne3 Nb6 23. Nd1 Na4 24. Kg2 Na5 25. Rf1 Nb3 26. Bb2 Qa2 27. Nxb3 Rxb3 28. Rf2 Ba5 29. Bc1 Qxc2 30. Rxc2 Nxc3 31. Nf2 Bb6 32. Rd2 Ne4 33. Nxe4 dxe4 34. Ra2 Bxd4 35. Ra8+ Kg7 36. Ba3 f6 37. Bd6 fxe5 38. fxe5 c3 39. Rc8 Rb2+ 40. Kh3 c2 41. Rc7+ Kg8 42. Rc8+ Kf7 43. Rf8+ Kg7 44. Rc8 Be3 45. Rc7+ Kg8 46. Rc8+ Kf7 0-1

[Event "Niederbayernliga 0304"]
[Site "Germany"]
[Date "2003.??.??"]
[Round "1"]
[White "Peitsch, Sebastian"]
[Black "Haeussler, Stefan"]
[Result "1-0"]
[WhiteElo "1912"]
[BlackElo "1762"]
[PlyCount "131"]
[EventDate "2003.??.??"]
[EventType "team-tourn"]
[EventRounds "9"]
[EventCountry "GER"]
[SourceTitle "EXT 2008"]
[Source "ChessBase"]
[SourceDate "2007.11.25"]
[SourceVersion "1"]
[SourceVersionDate "2007.11.25"]
[SourceQuality "1"]
[WhiteTeam "Freyung"]
[BlackTeam "Haselbach"]
[WhiteTeamCountry "GER"]
[BlackTeamCountry "GER"]

1. c4 c6 2. Nc3 d5 3. cxd5 cxd5 4. Nf3 d4 5. Ne4 Nc6 6. d3 e5 7. Bg5 f6 8. Bd2 Be6 9. g3 h6 10. Bc1 Rc8 11. a3 f5 12. Ned2 g5 13. Bg2 Be7 14. Qa4 Qc7 15. 0-0 g4 16. Ne1 Nf6 17. b4 a6 18. Bb2 h5 19. Rc1 Qd7 20. b5 Na7 21. Qa5 Rxc1 22. Bxc1 Nxb5 23. a4 Bd8 24. Qb4 Nc3 25. Ba3 Nxe2+ 26. Kh1 Bd5 27. Nc4 Bxg2+ 28. Nxg2 Bc7 29. Re1 Nd5 30. Qxb7 Ndc3 31. Qa8+ Qd8 32. Qxa6 Kf7 33. Qb7 Kf6 34. Qc6+ Kg5 35. Qe6 Rh7 36. Nh4 Qf6 37. Qe8 Rh8 38. Qd7 Bd8 39. a5 e4 40. Nd6 Be7 41. Nf7+ Qxf7 42. Bxe7+ Kh6 43. Bg5+ Kg7 44. Nxf5+ Kg6 45. Nh4+ Kg7 46. Nf5+ Kg6 47. Qxf7+ Kxf7 48. dxe4 d3 49. Nd6+ Ke6 50. e5 Ra8 51. Nc4 Rc8 52. Nb2 Kxe5 53. Nxd3+ Kd4 54. Nf4 Re8 55. Nxe2+ Nxe2 56. Be3+ Kd3 57. Rd1+ Ke4 58. a6 Nc3 59. Rd4+ Kf3 60. a7 Ne4 61. Kg1 Ng5 62. Rf4+ Ke2 63. Kg2 Nf3 64. Rb4 Rd8 65. Rb2+ Kd3 66. Rb8 1-0